000
00334nam a2200133Ia 4500
008
240624s9999 xx 000 0 und d
041
_a
eng
082
_a
658.4 WAL
100
_a
WALLERSTEIN IMMANUEL
245
_a
MODERN WORLD SYSTEM
260
_c
2011
_a
London
_b
University of California Press
300
_a
440 : p.
365
_c
_b
26
999
_c
20935
_d
20935